Catalog

Record Details

Catalog Search



Kněžské panictví : meditace  Cover Image Book Book

Kněžské panictví : meditace / Josef M. Petazzi ; přeložil Čeněk Maria Tomíško

Record details

  • Physical Description: 68 s. ; 15 cm
  • Edition: 2. vyd.
  • Publisher: Praha : Cyrilo - Metodějské knihkupectví G. Francla, 1947
Subject: Ježíš Kristus, asi 4.př.n.l-33 n.l.

Available copies

  • 1 of 1 copy available at Common Catalog SPOK.

Holds

  • 0 current holds with 1 total copy.
Show Only Available Copies
Location Call Number / Copy Notes Barcode Shelving Location Status Due Date
Jabok Library PT-2.6 424480009283 Odborná literatura Available -

LDR 00841nam a2200265 a 4500
0015524
003CZ-PrJAB
00520160504095506.0
008100113s1947 xr | | cze
015 . ‡acnb000671008
035 . ‡a(CZ PrSKC)KN3191000000030698
035 . ‡a(OCoLC)85427329
040 . ‡aOPD002 ‡bcze
080 . ‡a27-31
1001 . ‡aPetazzi, Josef M. ‡4aut
24510. ‡aKněžské panictví : ‡bmeditace / ‡cJosef M. Petazzi ; přeložil Čeněk Maria Tomíško
250 . ‡a2. vyd.
260 . ‡aPraha : ‡bCyrilo - Metodějské knihkupectví G. Francla, ‡c1947
300 . ‡a68 s. ; ‡c15 cm
60004. ‡aJežíš Kristus, ‡dasi 4.př.n.l-33 n.l.
6530 . ‡achristologie ‡arozjímání
7001 . ‡aTomíško, Čeněk Maria ‡4trl
910 . ‡aABG312
901 . ‡a5524 ‡bUnknown ‡c5524 ‡tbiblio

Additional Resources